000 01229nam a2200313 a 4500
001 000111175
003 CHAP
005 20220329144201.0
008 141211s20010014mx fsm |||||||spa d
010 _a107637
011 _a108609
040 _cCHAP
090 _aTesis
100 1 _aZorrilla Sánchez, Alberto
_9124207
245 1 0 _aEvaluación económica de la instalación de un sistema de producción apícola sustentable en el ejido Constitución, municipio de Cintalapa, Chiapas.
_h[En línea]
_cpor Alberto Zorrilla Sánchez.
260 _aChapingo, Méx. :
_bEl autor,
_c20014.
500 _aPara ver el contenido del material haga clic en la liga
502 _aTesis (M. C. en Economía Agrícola y de los Recursos Naturales) -- UACH. Divisíon de Ciencias Económico Administrativas
590 _aE11695DGD
_b10
_c20141216
_lUCH01
_h1114
590 _aE5995AHE
_b05
_c20141211
_lUCH01
_h1056
590 _aE5995AHE
_b05
_c20141211
_lUCH01
_h1056
650 1 4 _aApicultura
_xChiapas
_96251
650 1 4 _aDesarrollo sustentable
_zChiapas.
_932099
650 1 4 _aMedio ambiente.
_974065
856 _aFinding aid
_uhttp://10.13.5.2/tesis/sist111175.pdf
_zTeclea aquí
901 _aBK
942 _cTESIS
942 _n0
999 _c107637
_d107637